| 000 | 00919cam a2200217 4500 | ||
|---|---|---|---|
| 001 | ABS61411 | ||
| 008 | 000000n1999 000 0 eng u | ||
| 035 | _a(Sirsi) u100534 | ||
| 100 | _aDuffy, F. | ||
| 245 | _aMind the gap | ||
| 260 | _c1999 | ||
| 490 |
_aJournal of Corporate Real Estate _v1(4) September 1999, 377-387(11) |
||
| 520 | _aCase studies are used to illustrate the benefits of effective office design. Argues that the following essential factors must be in place: forward thinking leadership; integration of the design and use of IT; human resources, and office space; full user involvement; and data collection to measure the relation between buildings and organisational purpose. | ||
| 590 | _aABS | ||
| 650 | _aOFFICE DESIGN | ||
| 650 | _aPERFORMANCE MEASUREMENT | ||
| 650 | _aCASE STUDIES | ||
| 650 | _aORGANISATIONAL CHANGE | ||
| 690 | _aOFFICE SERVICES AND ADMINISTRATION | ||
| 942 | _n0 | ||
| 999 |
_c60141 _d60141 |
||